Siglas Famosas #1 - Statistics

Estatísticas Gerais
  • Esse quiz foi jogado 231 vezes
  • A pontuação média é 8 de 17
Estatísticas das Respostas
Sigla Resposta % Correto
IDH Índice de Desenvolvimento Humano
81%
PIB Produto Interno Bruto
81%
STF Supremo tribunal Federal
79%
LTDA Limitada
64%
CBF Confederação Brasileira de Futebol
60%
OAB Ordem dos Advogados do Brasil
59%
UE União Europeia
57%
FAB Força Aérea Brasileira
52%
IR Imposto de Renda
52%
OMS Organização Mundial de Saúde
50%
UTI Unidade de Terapia Intensiva
36%
FUNAI Fundação Nacional do Índio
32%
ANATEL Agência Nacional de Telecomunicações
30%
DDD Discagem Direta à Distância
20%
CPF Cadastro de Pessoas Físicas
18%
DDI Discagem Direta Internacional
18%
IGPM Índice Geral de Preços do Mercado
4%
Nenhum quiz correspondente encontrado
Distribuição das Pontuações
Porcentagem de Pessoas com Cada Pontuação
Percentil de Números Respondidos
Sua Pontuação Histórica
Você não jogou esse quiz